000 00762cam a2200205 4500500
005 20251102004513.0
041 _afre
042 _adc
100 1 0 _aNieuviarts, Nicolas
_eauthor
700 1 0 _aGuibert, Émile
_eauthor
700 1 0 _aHoltzman, Wayne
_eauthor
700 1 0 _aKokou-Kpolou, Kossigan
_eauthor
700 1 0 _aMasson, Joanic
_eauthor
700 1 0 _aBernoussi, Amal
_eauthor
245 0 0 _aÉtude des processus mentaux en milieu carcéral. Pertinence et application contemporaine du test des associations de mots
260 _c2025.
500 _a72
786 0 _nBulletin de psychologie | 590 | 4 | 2025-10-06 | p. 3-15 | 0007-4403
856 4 1 _uhttps://shs.cairn.info/revue-bulletin-de-psychologie-2025-4-page-3?lang=fr&redirect-ssocas=7080
999 _c1560647
_d1560647